[Event "Titled Tue 3rd Jun Early"]
[Site "chess.com INT"]
[Date "2025.06.03"]
[Round "3"]
[White "Barrientos, Ernesto"]
[Black "Iljin, Timofey"]
[Result "1-0"]
[WhiteTitle "CM"]
[BlackTitle "IM"]
[WhiteElo "2027"]
[BlackElo "2242"]
[WhiteFideId "3701247"]
[BlackFideId "14110180"]
[EventDate "2025.06.03"]

1. e4 e6 2. d4 d5 3. exd5 exd5 4. Bf4 c5 5. Nc3 Nc6 6. Nb5 Be6 7. Nc7+ Kd7 8.
Nxa8 Qxa8 9. Nf3 Nf6 10. Bb5 Bd6 11. Bxd6 Kxd6 12. dxc5+ Kc7 13. Qd2 Qd8 14.
Qf4+ Kc8 15. Bxc6 bxc6 16. O-O Ne4 17. Nd4 Qd7 18. b4 Re8 19. f3 g5 20. Qe3 Nf6
21. Qa3 Qc7 22. Qa6+ Kd7 23. Rfe1 g4 24. b5 cxb5 25. Qxb5+ Kd8 26. Rab1 gxf3 27.
Qb8+ Kd7 28. c6+ Kd6 29. Nb5+ Kc5 30. Qxc7 Ne4 31. Rxe4 dxe4 32. Qe5+ Kc4 33.
Qxe4+ Kc5 34. Qxf3 Kb6 35. c7 1-0

[Event "Titled Tue 3rd Jun Early"]
[Site "chess.com INT"]
[Date "2025.06.03"]
[Round "3"]
[White "Sarveshwaran V"]
[Black "Kourkoulos-Arditis, Stamatis"]
[Result "0-1"]
[WhiteTitle "CM"]
[BlackTitle "GM"]
[WhiteElo "2290"]
[BlackElo "2580"]
[WhiteFideId "25699016"]
[BlackFideId "4221990"]
[EventDate "2025.06.03"]

1. e4 d6 2. d4 Nf6 3. Nc3 e5 4. Nf3 Nbd7 5. h3 Be7 6. Bc4 O-O 7. O-O c6 8. dxe5
dxe5 9. a4 Qc7 10. a5 h6 11. Qe2 Bb4 12. a6 b5 13. Bd3 Re8 14. Na2 Bf8 15. c4 b4
16. Bd2 c5 17. Nc1 Nb8 18. Bc2 Bxa6 19. b3 Bb7 20. Nh4 Nc6 21. Nf5 Nd4 22. Nxd4
exd4 23. f3 Nh5 24. Re1 Bd6 25. Nd3 Bh2+ 26. Kf2 Qg3+ 27. Kf1 Qh4 28. Qf2 Ng3+
29. Qxg3 Bxg3 30. Re2 Qe7 0-1

[Event "Titled Tue 3rd Jun Early"]
[Site "chess.com INT"]
[Date "2025.06.03"]
[Round "3"]
[White "Fisabilillah, Ummi"]
[Black "Sakun, Volodymyr"]
[Result "0-1"]
[WhiteTitle "WIM"]
[BlackTitle "FM"]
[WhiteElo "2115"]
[BlackElo "2301"]
[WhiteFideId "7104804"]
[BlackFideId "14114062"]
[EventDate "2025.06.03"]

1. Nf3 Nf6 2. b3 g6 3. Bb2 Bg7 4. e3 O-O 5. Be2 d6 6. d4 Nc6 7. O-O Qe8 8. c4 e5
9. d5 Nb8 10. Nbd2 a5 11. a3 Nfd7 12. e4 f5 13. exf5 gxf5 14. Ng5 Nf6 15. Re1 h6
16. Ngf3 e4 17. Nd4 Qg6 18. Nf1 f4 19. Kh1 Na6 20. Ne6 Bxe6 21. dxe6 Nc5 22. e7
Rf7 23. b4 Ncd7 24. c5 d5 25. f3 Rxe7 26. fxe4 dxe4 27. Bc4+ Kh8 28. Nd2 Ng4 29.
Qe2 Bxb2 30. Rab1 Bd4 0-1

[Event "Titled Tue 3rd Jun Early"]
[Site "chess.com INT"]
[Date "2025.06.03"]
[Round "3"]
[White "Kononenko, Dmitry2"]
[Black "Vyom Malhotra"]
[Result "1/2-1/2"]
[WhiteTitle "FM"]
[BlackTitle "CM"]
[WhiteElo "2205"]
[BlackElo "1975"]
[WhiteFideId "14113538"]
[BlackFideId "33383561"]
[EventDate "2025.06.03"]

1. e4 e5 2. Nf3 Nc6 3. d4 exd4 4. Nxd4 Nf6 5. Nc3 Bb4 6. Nxc6 bxc6 7. Bd3 d5 8.
Bd2 O-O 9. O-O Bxc3 10. Bxc3 Nxe4 11. Bxe4 dxe4 12. Qh5 Qd5 13. Qh4 Qf5 14. Rfe1
Re8 15. Re3 f6 16. Rae1 Qg4 17. Qxg4 Bxg4 18. Rxe4 Rxe4 19. Rxe4 Bf5 20. Re7
Bxc2 21. Rxc7 Be4 22. f3 Bd5 23. Kf2 Bxa2 24. Rxc6 Bd5 25. Ra6 Bc4 26. Ra4 Bb5
27. Rd4 a6 28. Rd6 Kf7 29. Rb6 Re8 30. g4 Re2+ 31. Kg3 Re6 32. Rb7+ Re7 33. Rb8
Re8 34. Rxe8 Bxe8 35. f4 Bd7 36. h3 g5 37. f5 h6 38. h4 Bb5 39. h5 Be2 40. Bd4
Bd1 41. Bb6 Be2 42. Ba7 Bd1 43. Bc5 Be2 44. Bd6 Bd1 45. Bc7 Be2 46. b4 Bd1 47.
Bb6 Be2 48. Be3 Bd1 49. Kh3 Be2 50. Kg3 Bd1 51. Kh3 Be2 52. Kg3 1/2-1/2

[Event "Titled Tue 3rd Jun Early"]
[Site "chess.com INT"]
[Date "2025.06.03"]
[Round "3"]
[White "Danzer, George"]
[Black "Begunov, Konstantin"]
[Result "0-1"]
[WhiteTitle "CM"]
[BlackTitle "FM"]
[WhiteElo "2172"]
[BlackElo "2325"]
[WhiteFideId "4659465"]
[BlackFideId "4118510"]
[EventDate "2025.06.03"]

1. e4 g6 2. d4 Bg7 3. Nc3 c6 4. Be3 d5 5. h4 h5 6. Qd2 dxe4 7. Nxe4 Nd7 8. O-O-O
Ngf6 9. f3 O-O 10. Bh6 Nxe4 11. fxe4 Bxh6 12. Qxh6 Nf6 13. Bc4 e6 14. Qf4 b5 15.
Bb3 a5 16. a4 Ba6 17. Nf3 bxa4 18. Bxa4 Bb5 19. Bb3 a4 20. Ba2 a3 21. b3 Ng4 22.
c4 Nf2 23. cxb5 Nxh1 24. Rxh1 cxb5 25. Qh6 Qc7+ 26. Kb1 Qc3 27. Rc1 Qb2# 0-1

[Event "Titled Tue 3rd Jun Early"]
[Site "chess.com INT"]
[Date "2025.06.03"]
[Round "3"]
[White "Risteski, Emil"]
[Black "Gunawardhana, Devindya Oshini"]
[Result "0-1"]
[WhiteTitle "IM"]
[BlackTitle "WIM"]
[WhiteElo "2359"]
[BlackElo "2068"]
[WhiteFideId "15005267"]
[BlackFideId "29941482"]
[EventDate "2025.06.03"]

1. Nf3 Nf6 2. d3 d5 3. g3 g6 4. Bg2 Bg7 5. O-O O-O 6. Nbd2 c6 7. e4 dxe4 8. dxe4
Nbd7 9. Qe2 e5 10. b3 Qc7 11. a4 Re8 12. Nc4 b6 13. Bb2 Bb7 14. Rfd1 Bf8 15.
Ncxe5 Nxe5 16. Nxe5 Rxe5 17. Bxe5 Qxe5 18. h3 Re8 19. f4 Qc5+ 20. Kh2 Bg7 21. e5
Nh5 22. Rd7 Bc8 23. Rc7 Qc3 24. Qf3 Qxa1 25. Qxc6 Rf8 26. Rxc8 Qe1 27. Rxf8+
Bxf8 28. Qf3 Bc5 29. h4 Bf2 30. Kh3 Bxg3 31. Kg4 Bxf4 0-1

[Event "Titled Tue 3rd Jun Early"]
[Site "chess.com INT"]
[Date "2025.06.03"]
[Round "3"]
[White "Vokhidov, Shamsiddin"]
[Black "Pham, Le Thao Nguyen"]
[Result "1-0"]
[WhiteTitle "GM"]
[BlackTitle "IM"]
[WhiteElo "2641"]
[BlackElo "2388"]
[WhiteFideId "14204223"]
[BlackFideId "12401226"]
[EventDate "2025.06.03"]

1. e4 e5 2. Nf3 Nc6 3. Bb5 Nf6 4. d3 Bc5 5. c3 O-O 6. O-O Re8 7. Bg5 a6 8. Ba4
h6 9. Bh4 Bf8 10. Nbd2 b5 11. Bb3 d6 12. a4 Rb8 13. axb5 axb5 14. h3 g5 15. Bg3
Bg7 16. Re1 Ne7 17. Nf1 Ng6 18. Ne3 Be6 19. Nh2 Nf4 20. Bc2 Qd7 21. Nhg4 h5 22.
Nxf6+ Bxf6 23. d4 h4 24. Bxf4 exf4 25. Nf1 Qc8 26. Qh5 c5 27. e5 dxe5 28. dxe5
Bd8 29. Qh7+ Kf8 30. Qh6+ Ke7 31. Qxg5+ Kf8 32. Qh6+ Ke7 33. Qxh4+ Kf8 34. Qh6+
Ke7 35. Be4 Bc7 36. Qxf4 Rg8 37. Ng3 Kf8 38. Qh6+ Ke8 39. Ra7 1-0

[Event "Titled Tue 3rd Jun Early"]
[Site "chess.com INT"]
[Date "2025.06.03"]
[Round "3"]
[White "Neustroev, Victor"]
[Black "Radchenko, Alexey"]
[Result "0-1"]
[WhiteTitle "FM"]
[BlackTitle "FM"]
[WhiteElo "2283"]
[BlackElo "2293"]
[WhiteFideId "4144147"]
[BlackFideId "4192362"]
[EventDate "2025.06.03"]

1. e4 c6 2. d4 d5 3. e5 c5 4. dxc5 e6 5. a3 Bxc5 6. Nf3 Nc6 7. b4 Bb6 8. Bb2 f6
9. Bd3 fxe5 10. Nxe5 Nf6 11. O-O Bd7 12. Nd2 Qc7 13. Ndf3 O-O-O 14. Nf7 e5 15.
N7xe5 Ng4 16. Nxd7 Qxd7 17. h3 Nf6 18. Bb5 Ne4 19. Ne5 Qf5 20. Qg4 Rhf8 21. Nxc6
bxc6 22. Bxc6 Qxg4 23. hxg4 Bxf2+ 24. Kh2 h5 25. Rad1 hxg4 26. g3 Rh8+ 27. Kg2
Rh3 28. Rxf2 Rxg3+ 29. Kf1 Rh8 30. Ke2 Nxf2 31. Kxf2 Rf3+ 32. Kg2 Rhf8 33. Bxd5
Rf2+ 34. Kg3 Rxc2 35. Rc1 Rxc1 36. Bxc1 Rf1 37. Bf4 Rg1+ 0-1

[Event "Titled Tue 3rd Jun Early"]
[Site "chess.com INT"]
[Date "2025.06.03"]
[Round "3"]
[White "Thake, Conrad"]
[Black "Tleukhanov, Yerlan"]
[Result "0-1"]
[WhiteTitle "CM"]
[BlackTitle "FM"]
[WhiteElo "1873"]
[BlackElo "2169"]
[WhiteFideId "5602947"]
[BlackFideId "13749692"]
[EventDate "2025.06.03"]

1. e4 g6 2. d4 Bg7 3. Nc3 d6 4. f4 Nf6 5. Nf3 O-O 6. Bd3 Bg4 7. O-O e5 8. fxe5
dxe5 9. d5 c6 10. Bg5 Nbd7 11. h3 Bxf3 12. Qxf3 Qb6+ 13. Kh2 Qxb2 14. Ne2 cxd5
15. exd5 e4 16. Bxe4 Qe5+ 17. Bf4 Qxe4 18. Rab1 Nc5 19. d6 Qxf3 20. Rxf3 Rad8
21. Rb5 b6 22. a4 Nfe4 23. a5 Nxd6 24. Bxd6 Rxd6 25. axb6 axb6 26. Nf4 Be5 27.
g3 Rd2+ 28. Ng2 Rxc2 29. Rxb6 Ne4 30. h4 Rd8 31. Rb4 f5 32. Kh3 Rdd2 0-1

[Event "Titled Tue 3rd Jun Early"]
[Site "chess.com INT"]
[Date "2025.06.03"]
[Round "3"]
[White "Sharankov, Grigory"]
[Black "Odegov, Artem"]
[Result "0-1"]
[WhiteTitle "CM"]
[BlackTitle "FM"]
[WhiteElo "2238"]
[BlackElo "2244"]
[WhiteFideId "4168356"]
[BlackFideId "34183644"]
[EventDate "2025.06.03"]

1. e4 Nf6 2. e5 Nd5 3. c4 Nb6 4. c5 Nd5 5. Bc4 e6 6. Nc3 c6 7. Ne4 b6 8. cxb6
axb6 9. Nf3 Ba6 10. d3 f5 11. exf6 Nxf6 12. Bxa6 Nxa6 13. Nxf6+ Qxf6 14. O-O Bd6
15. Ng5 Qg6 16. Qf3 Nb4 17. Ne4 Be7 18. Be3 Nd5 19. a3 Rf8 20. Qg3 Qxg3 21. hxg3
Nxe3 22. fxe3 Rxf1+ 23. Kxf1 d5 24. Nd2 Kd7 25. Nf3 Bf6 26. d4 c5 27. Ke2 Kd6
28. g4 h6 29. Kd3 Ra4 30. b3 Ra8 31. a4 Rf8 32. a5 Ra8 33. a6 Kc6 34. Ne5+ Bxe5
35. dxe5 b5 36. Rf1 Rxa6 37. Rf7 Ra3 38. Kc3 c4 39. Re7 Rxb3+ 40. Kd2 Rb2+ 41.
Kc3 Rxg2 42. Rxe6+ Kc5 43. Re8 b4# 0-1

[Event "Titled Tue 3rd Jun Early"]
[Site "chess.com INT"]
[Date "2025.06.03"]
[Round "3"]
[White "Arslanov, Shamil"]
[Black "Harriott, Tyrell"]
[Result "0-1"]
[WhiteTitle "IM"]
[WhiteElo "2410"]
[BlackElo "1924"]
[WhiteFideId "4192826"]
[BlackFideId "2086484"]
[EventDate "2025.06.03"]

1. d4 e6 2. e4 d5 3. c4 dxe4 4. Nc3 Nf6 5. f3 exf3 6. Nxf3 Be7 7. Bd3 O-O 8. O-O
c5 9. dxc5 Bxc5+ 10. Kh1 Nc6 11. a3 a5 12. Qc2 h6 13. Bf4 Re8 14. Rad1 Qe7 15.
Qc1 Ng4 16. Ne4 f5 17. Nxc5 Qxc5 18. h3 Nf2+ 19. Rxf2 Qxf2 20. Be3 Qg3 21. Bf4
Qg6 22. b4 e5 23. b5 e4 24. bxc6 exf3 25. gxf3 Qxc6 26. Kg2 b6 27. Be5 Rxe5 28.
Qf4 Re8 29. Rg1 Qf6 30. Kh2 Qe5 31. Qxe5 Rxe5 0-1

[Event "Titled Tue 3rd Jun Early"]
[Site "chess.com INT"]
[Date "2025.06.03"]
[Round "3"]
[White "Momunaliev, Ruslan"]
[Black "Fernandes, Rogerio Paulo Muller"]
[Result "1-0"]
[WhiteTitle "CM"]
[WhiteElo "2213"]
[BlackElo "2241"]
[WhiteFideId "13812211"]
[BlackFideId "2101599"]
[EventDate "2025.06.03"]

1. e4 e6 2. d4 d5 3. Nd2 c5 4. Ngf3 cxd4 5. Nxd4 Nc6 6. Bb5 Bd7 7. Nxc6 Bxc6 8.
Bd3 Nf6 9. Qe2 dxe4 10. Nxe4 Be7 11. O-O Qd5 12. f3 O-O 13. Be3 a6 14. Rad1 Qxa2
15. Ng5 Qxb2 16. Bd4 Qa3 17. Bxf6 Bxf6 18. Nxh7 Bd4+ 19. Kh1 Rfd8 20. f4 g6 21.
Ng5 Kg7 22. Qg4 Qd6 23. Bxg6 fxg6 24. Nxe6+ Kf7 25. f5 1-0

[Event "Titled Tue 3rd Jun Early"]
[Site "chess.com INT"]
[Date "2025.06.03"]
[Round "3"]
[White "Tan, Zhongyi"]
[Black "Moeller, Maurin"]
[Result "1-0"]
[WhiteTitle "GM"]
[BlackTitle "FM"]
[WhiteElo "2536"]
[BlackElo "2291"]
[WhiteFideId "8603642"]
[BlackFideId "16265696"]
[EventDate "2025.06.03"]

1. e4 g6 2. d4 Bg7 3. Nc3 d6 4. f4 a6 5. Nf3 b5 6. Bd3 Bb7 7. e5 e6 8. a4 b4 9.
Ne4 Bxe4 10. Bxe4 d5 11. Bd3 c5 12. dxc5 Qc7 13. Be3 Nd7 14. Qd2 Nxc5 15. Qxb4
Nxd3+ 16. cxd3 Rb8 17. Qc3 Qb7 18. O-O Ne7 19. Bc5 O-O 20. b4 Rfc8 21. d4 Bf8
22. Rfb1 Qc6 23. Qd3 Nf5 24. g4 Nh6 25. h3 Rb7 26. Kf2 Rcb8 27. Kg3 Bxc5 28.
bxc5 Rb4 29. Rxb4 Rxb4 30. a5 Rb5 31. Rb1 Rxa5 32. Rb6 Qc7 33. Qb3 Kg7 34. Ng5
Ng8 35. Rb7 Ra3 36. Nxe6+ 1-0

[Event "Titled Tue 3rd Jun Early"]
[Site "chess.com INT"]
[Date "2025.06.03"]
[Round "3"]
[White "Brenke, Andreas"]
[Black "Vaganian, Rafael A"]
[Result "0-1"]
[WhiteTitle "FM"]
[BlackTitle "GM"]
[WhiteElo "2349"]
[BlackElo "2449"]
[WhiteFideId "4602900"]
[BlackFideId "13300016"]
[EventDate "2025.06.03"]

1. d4 Nf6 2. c4 e6 3. Nc3 d5 4. cxd5 exd5 5. Bg5 Be7 6. e3 O-O 7. Bd3 Nbd7 8.
Nge2 Re8 9. O-O Nf8 10. f3 Ne6 11. Bh4 c5 12. Rc1 cxd4 13. exd4 g6 14. Qb3 b6
15. Bxf6 Bxf6 16. Qxd5 Nxd4 17. Qxa8 Nxe2+ 18. Bxe2 Bxc3 19. Rxc3 Qd4+ 20. Kh1
Bd7 21. Qxa7 Rxe2 22. Qc7 Qf2 23. Rg1 Re1 24. Qb8+ Kg7 25. Rc1 Qxg1# 0-1

[Event "Titled Tue 3rd Jun Early"]
[Site "chess.com INT"]
[Date "2025.06.03"]
[Round "3"]
[White "Klekowski, Maciej"]
[Black "Gkavardinas, Antonios"]
[Result "1-0"]
[WhiteTitle "GM"]
[BlackTitle "FM"]
[WhiteElo "2474"]
[BlackElo "2313"]
[WhiteFideId "1132717"]
[BlackFideId "25883097"]
[EventDate "2025.06.03"]

1. c4 g6 2. Nc3 Bg7 3. Nf3 c5 4. b3 Nc6 5. Bb2 d6 6. e3 Nf6 7. d4 O-O 8. Be2 Bg4
9. O-O e6 10. h3 Bxf3 11. Bxf3 cxd4 12. exd4 d5 13. Na4 Rc8 14. Rc1 Ne4 15. cxd5
exd5 16. Nc5 Nxc5 17. Rxc5 Ne7 18. Qd2 b6 19. Rxc8 Qxc8 20. Ba3 Qd7 21. Re1 Re8
22. Qe3 Bf6 23. g4 h6 24. Qxh6 Bxd4 25. Qf4 Bc5 26. b4 Bd6 27. Qf6 d4 28. Bb2
Nc8 29. Rxe8+ Qxe8 30. Bxd4 Kf8 31. a3 a5 32. Bb7 Qe1+ 33. Kg2 Qc1 34. Qh8+ Ke7
35. Qxc8 Qxc8 36. Bxc8 axb4 37. axb4 Bxb4 38. Bxb6 1-0

[Event "Titled Tue 3rd Jun Early"]
[Site "chess.com INT"]
[Date "2025.06.03"]
[Round "3"]
[White "Bortnyk, Olexandr"]
[Black "Goryachkina, Aleksandra"]
[Result "1-0"]
[WhiteTitle "GM"]
[BlackTitle "GM"]
[WhiteElo "2601"]
[BlackElo "2544"]
[WhiteFideId "14120828"]
[BlackFideId "4147103"]
[EventDate "2025.06.03"]

1. e4 e6 2. d4 d5 3. e5 c5 4. Nf3 cxd4 5. Bd3 Nc6 6. O-O Nge7 7. Bf4 h6 8. h4
Qc7 9. Re1 Bd7 10. Nbd2 O-O-O 11. Nb3 g5 12. hxg5 hxg5 13. Bxg5 Bg7 14. Nbxd4
Nxd4 15. Bxe7 Nxf3+ 16. Qxf3 Rde8 17. Bd6 Qd8 18. Qf4 Rh4 19. Qxf7 Reh8 20. Kf1
Bh6 21. Be7 Rh1+ 22. Ke2 Rxe1+ 23. Rxe1 Qb6 24. Rh1 Bb5 25. Rxh6 Bxd3+ 26. cxd3 1-0

[Event "Titled Tue 3rd Jun Early"]
[Site "chess.com INT"]
[Date "2025.06.03"]
[Round "3"]
[White "Terkiewicz, Bruno"]
[Black "Ersoz, Teoman Guney"]
[Result "0-1"]
[WhiteTitle "CM"]
[BlackTitle "CM"]
[WhiteElo "2183"]
[BlackElo "2090"]
[WhiteFideId "21093245"]
[BlackFideId "44537050"]
[EventDate "2025.06.03"]

1. Nf3 d5 2. e3 c5 3. c4 d4 4. exd4 cxd4 5. b4 Nf6 6. Bb2 Bg4 7. h3 Bh5 8. g4
Bg6 9. Nxd4 e5 10. Nf3 Bxb4 11. Nxe5 O-O 12. Nxg6 fxg6 13. Be2 Ne4 14. O-O Qh4
15. Bf3 Ng5 16. Bg2 Nxh3+ 17. Bxh3 Qxh3 18. f3 Qg3+ 19. Kh1 Nc6 20. d4 Rae8 21.
Qc2 Rxf3 22. Rxf3 Qxf3+ 23. Qg2 Re1+ 24. Kh2 Bd6+ 25. Qg3 Qf2+ 26. Kh3 Rh1+ 27.
Qh2 Qf3+ 28. Kh4 g5+ 29. Kxg5 Be7+ 30. Kh5 g6+ 31. Kh6 Bf8+ 32. Kg5 h6+ 33. Kxg6
Ne7+ 34. Kh5 Qf7+ 35. Kh4 Ng6+ 36. Kg3 Bd6+ 37. Kg2 Qf1# 0-1

[Event "Titled Tue 3rd Jun Early"]
[Site "chess.com INT"]
[Date "2025.06.03"]
[Round "3"]
[White "Sahetchian, Armand"]
[Black "Mayorau, Mikita1"]
[Result "1-0"]
[WhiteTitle "CM"]
[BlackTitle "GM"]
[WhiteElo "2024"]
[BlackElo "2472"]
[WhiteFideId "607150"]
[BlackFideId "13501720"]
[EventDate "2025.06.03"]

1. d4 Nf6 2. Bg5 Ne4 3. Bf4 d5 4. f3 Nd6 5. Nd2 g6 6. e4 Bg7 7. c3 dxe4 8. fxe4
O-O 9. Ngf3 Bg4 10. Be2 Bxf3 11. Bxf3 Nd7 12. e5 Nf5 13. O-O e6 14. Kh1 g5 15.
Bg3 Ne3 16. Qe2 Nxf1 17. Rxf1 c6 18. Be4 h6 19. Qh5 f5 20. exf6 Nxf6 21. Qe2
Nxe4 22. Rxf8+ Qxf8 23. Qxe4 Qf5 24. Qe3 Rf8 25. h3 Re8 26. Nf3 Qb1+ 27. Kh2
Qxa2 28. Be5 Qd5 29. Qd3 Rf8 30. Qg6 Rf7 31. Bxg7 Rxg7 32. Qe8+ Kh7 33. Ne5 c5
34. Nf7 Qf5 35. Qh8+ Kg6 36. Ne5+ Kf6 37. Qf8+ Rf7 38. Qxf7# 1-0

[Event "Titled Tue 3rd Jun Early"]
[Site "chess.com INT"]
[Date "2025.06.03"]
[Round "3"]
[White "Carcamo, Matias"]
[Black "Geivondian, Arman"]
[Result "1-0"]
[BlackTitle "FM"]
[WhiteElo "2077"]
[BlackElo "2297"]
[WhiteFideId "115541"]
[BlackFideId "24102032"]
[EventDate "2025.06.03"]

1. e4 e5 2. Nf3 Nc6 3. Bb5 a6 4. Ba4 Nf6 5. O-O Be7 6. Nc3 b5 7. Bb3 d6 8. h3
O-O 9. d3 Be6 10. Re1 Re8 11. Bg5 h6 12. Bxf6 Bxf6 13. Nd5 Rb8 14. c3 Bxd5 15.
Bxd5 Ne7 16. Bb3 c6 17. d4 Ng6 18. Nh2 Qe7 19. Qg4 Kh7 20. Rad1 c5 21. Qf5 cxd4
22. cxd4 exd4 23. Ng4 Be5 24. g3 Qa7 25. Bxf7 Rf8 26. Qxg6+ Kh8 27. Nxh6 d3 28.
Kg2 d5 29. f4 Rb6 30. Be6 Bxf4 31. gxf4 Rxf4 32. Qe8+ Kh7 33. Ng4 Rxe6 34. Qxe6
Qd4 35. exd5 Qxb2+ 36. Kg3 Rf8 37. Qe4+ Kh8 38. Rxd3 Qxa2 39. Rf3 Rd8 40. Rd3
Qc2 41. d6 b4 42. d7 b3 43. Re2 Qc7+ 44. Qe5 Qc4 45. Rd4 Qc3+ 46. Re3 Qc1 47.
Qg5 Qc7+ 48. Kh4 b2 49. Qh5+ Kg8 50. Re8+ Rxe8 51. dxe8=Q# 1-0

[Event "Titled Tue 3rd Jun Early"]
[Site "chess.com INT"]
[Date "2025.06.03"]
[Round "3"]
[White "Chiang, Jacob"]
[Black "Amarasinghe, A A C B"]
[Result "1-0"]
[BlackTitle "CM"]
[WhiteElo "2006"]
[BlackElo "1949"]
[WhiteFideId "30962331"]
[BlackFideId "9901809"]
[EventDate "2025.06.03"]

1. c4 Nf6 2. Nc3 c5 3. g3 e6 4. Bg2 Be7 5. Nf3 O-O 6. O-O d6 7. d4 cxd4 8. Nxd4
a6 9. b3 Nbd7 10. Bb2 Qc7 11. Rc1 Ne5 12. h3 Bd7 13. f4 Nc6 14. e3 Rac8 15. g4
Nxd4 16. exd4 Qb8 17. g5 Ne8 18. a4 Nc7 19. a5 b5 20. axb6 Qxb6 21. Rf3 a5 22.
Rc2 Na6 23. Re2 Rfe8 24. Kh2 Nb4 25. h4 d5 26. c5 Qb8 27. Bc1 Bf8 28. Kh1 Bb5
29. Ref2 g6 30. h5 Bg7 31. h6 Bh8 32. Bb2 Qb7 33. Re3 Qa6 34. Nxb5 Qxb5 35. Bf1
Qb7 36. Kg1 Nc6 37. Rd2 Rb8 38. Qe2 Qc7 39. Qf2 Rb7 40. Ba6 Ra7 41. Bb5 1-0

[Event "Titled Tue 3rd Jun Early"]
[Site "chess.com INT"]
[Date "2025.06.03"]
[Round "3"]
[White "Aronian, Levon"]
[Black "Dann, Matthias"]
[Result "1-0"]
[WhiteTitle "GM"]
[BlackTitle "IM"]
[WhiteElo "2747"]
[BlackElo "2446"]
[WhiteFideId "13300474"]
[BlackFideId "24638056"]
[EventDate "2025.06.03"]

1. c4 Nf6 2. Nc3 e5 3. Nf3 Nc6 4. d3 d5 5. cxd5 Nxd5 6. e4 Nxc3 7. bxc3 Bc5 8.
Be2 O-O 9. O-O Qe7 10. Kh1 b6 11. Ne1 Be6 12. f4 f6 13. g4 Rad8 14. f5 Bf7 15.
Nf3 h6 16. Qe1 b5 17. Qg3 b4 18. g5 fxg5 19. Nxg5 hxg5 20. Bxg5 Qd6 21. Qh4 Rd7
22. Rf3 Bf2 23. Rxf2 bxc3 24. Rf3 Be8 25. Rh3 1-0

[Event "Titled Tue 3rd Jun Early"]
[Site "chess.com INT"]
[Date "2025.06.03"]
[Round "3"]
[White "Bozorov, Javohir"]
[Black "Putnam, Liam"]
[Result "0-1"]
[WhiteTitle "FM"]
[BlackTitle "IM"]
[WhiteElo "2093"]
[BlackElo "2443"]
[WhiteFideId "14216957"]
[BlackFideId "30938279"]
[EventDate "2025.06.03"]

1. d4 Nf6 2. Nf3 c5 3. Bg5 cxd4 4. Bxf6 gxf6 5. Nxd4 d5 6. e3 e5 7. Nb3 Nc6 8.
g3 Be6 9. Bg2 Bb4+ 10. c3 Be7 11. N1d2 a5 12. a4 f5 13. Qh5 Qd7 14. O-O O-O-O
15. Rfd1 Kb8 16. Nc4 Qc7 17. Na3 d4 18. Nb5 Qb6 19. c4 dxe3 20. Qe2 exf2+ 21.
Kh1 e4 22. g4 Rxd1+ 23. Rxd1 Rd8 24. Rxd8+ Qxd8 25. gxf5 Bxf5 26. Qxf2 Qd1+ 27.
Qf1 Qxf1+ 28. Bxf1 Bf6 29. Kg2 Bxb2 30. Kf2 Be5 31. h3 Bc8 32. Nc5 f5 33. Ke3 b6
34. Nb3 Be6 35. Nd2 Nb4 36. Be2 Nc2+ 37. Kf2 e3+ 38. Kf3 exd2 39. Bd1 Nd4+ 40.
Nxd4 Bxd4 41. Ke2 Bxc4+ 42. Kxd2 b5 43. Bf3 bxa4 44. Bc6 a3 45. Bd5 a2 46. Bxc4
a1=Q 47. Be6 Qc3+ 48. Ke2 Qe3+ 49. Kd1 Qd3+ 50. Kc1 Bc3 51. Bxf5 Qd2+ 52. Kb1
Qb2# 0-1

[Event "Titled Tue 3rd Jun Early"]
[Site "chess.com INT"]
[Date "2025.06.03"]
[Round "3"]
[White "Gutierrez Olivares, Daniel"]
[Black "Velikanov, Alexander"]
[Result "1-0"]
[WhiteTitle "FM"]
[BlackTitle "IM"]
[WhiteElo "2354"]
[BlackElo "2372"]
[WhiteFideId "2264005"]
[BlackFideId "2039290"]
[EventDate "2025.06.03"]

1. Nf3 d5 2. c4 e6 3. g3 Nf6 4. Bg2 Be7 5. b3 a5 6. Bb2 a4 7. Na3 O-O 8. O-O Nc6
9. d3 d4 10. e3 e5 11. exd4 exd4 12. Nb5 Bc5 13. bxa4 Bf5 14. Re1 Bb4 15. Re2
Bc3 16. Nxc3 dxc3 17. Bxc3 Qxd3 18. Bxf6 gxf6 19. Rb2 Ra7 20. Nh4 Ne5 21. Rd2
Rd8 22. Rxd3 Bxd3 23. f4 Nxc4 24. Bf1 Ne3 25. Qf3 Nxf1 26. Rxf1 Bxf1 27. Kxf1
Rxa4 28. Nf5 Rxa2 29. Qg4+ Kf8 30. Qg7+ Ke8 31. Qg8+ Kd7 32. Qxf7+ Kc8 33. Qxa2 1-0

[Event "Titled Tue 3rd Jun Early"]
[Site "chess.com INT"]
[Date "2025.06.03"]
[Round "3"]
[White "Nepomniachtchi, Ian"]
[Black "Rozman, Levy"]
[Result "1-0"]
[WhiteTitle "GM"]
[BlackTitle "IM"]
[WhiteElo "2757"]
[BlackElo "2324"]
[WhiteFideId "4168119"]
[BlackFideId "2039877"]
[EventDate "2025.06.03"]

1. e4 e6 2. d4 d5 3. Nc3 dxe4 4. Nxe4 Nf6 5. Nxf6+ gxf6 6. Nf3 Nc6 7. Be3 b6 8.
Bc4 Bb7 9. Qe2 Qd7 10. d5 Na5 11. Bb5 c6 12. dxe6 Qxe6 13. Nd4 Qe5 14. f4 Qe7
15. Bd3 O-O-O 16. O-O-O Kb8 17. Rhe1 c5 18. Nf5 Qc7 19. c4 Nc6 20. Be4 Bd6 21.
Nxd6 Rxd6 22. Rxd6 Qxd6 23. Qd2 Nd4 24. Bxd4 cxd4 25. Bd3 Rc8 26. Kb1 f5 27. b3
a5 28. Bxf5 Rd8 29. Bd3 a4 30. bxa4 Qc6 31. Qb4 Qxg2 32. Qxb6 Rc8 33. Be4 1-0

[Event "Titled Tue 3rd Jun Early"]
[Site "chess.com INT"]
[Date "2025.06.03"]
[Round "3"]
[White "Maghsoodloo, Parham"]
[Black "Hernandez Izquierdo, Jose A."]
[Result "1-0"]
[WhiteTitle "GM"]
[BlackTitle "IM"]
[WhiteElo "2706"]
[BlackElo "2223"]
[WhiteFideId "12539929"]
[BlackFideId "3527263"]
[EventDate "2025.06.03"]

1. d4 f5 2. c4 Nf6 3. Nc3 e6 4. Bg5 Bb4 5. Qb3 a5 6. a3 a4 7. Qc2 Bxc3+ 8. Qxc3
O-O 9. Nf3 b6 10. g3 Bb7 11. Bg2 d6 12. O-O Nbd7 13. Rfe1 Qe8 14. Bxf6 Nxf6 15.
Rad1 Ne4 16. Qc1 Rb8 17. Qc2 Qg6 18. Qxa4 f4 19. d5 fxg3 20. fxg3 Nc5 21. Qb4
exd5 22. cxd5 Ra8 23. Qc3 Rfe8 24. b4 Ne4 25. Qxc7 Ba6 26. Nd4 Qg5 27. Qc1 Qxd5
28. a4 Bb7 29. Nb5 Qb3 30. Bxe4 Rxe4 31. Nxd6 Re7 32. Nxb7 Rxb7 33. Qc6 Rab8 34.
Rd4 Qf7 35. Rf1 Qe7 36. Re4 Qd7 37. Qc4+ Kh8 38. b5 h6 39. Re6 Rc7 40. Qe4 Rd8
41. Qe5 1-0